000 00405nam a22001697a 4500
003 MPLRDC
005 20220104165842.0
008 210129b ||||| |||| 00| 0 eng d
020 _a0-582-27844-9
082 _a493.9 HAR
100 _aJOHN HARRISON
245 _aSECRETARIAL DUTIES
_c
260 _a
_bADDISON WESLEY LONGMAN LTD
_c1996
300 _b
650 _a秘书
942 _cBK
_o493.9 HAR
999 _c57629
_d57619